World Capitals Closest to Tunis - Statistics

General Stats
  • This quiz has been taken 40 times
    16 since last reset
  • The average score is 16 of 22
Answer Stats
Distance (km) Answer % Correct
1271 Madrid
100%
601 Rome
100%
543 Tripoli
93%
635 Algiers
86%
1204 Athens
86%
1151 Bern
86%
972 Tirana
86%
600 Vatican Cty
86%
1113 Zagreb
86%
817 San Marino
79%
1050 Sarajevo
79%
1238 Belgrade
71%
1300 Sofia
71%
401 Valletta
71%
1366 Vienna
64%
1091 Ljubljana
57%
806 Monaco
57%
1125 Skopje
57%
1152 Vaduz
57%
975 Andorra la Vella
50%
998 Podgorica
50%
1143 Pristina
43%
No matching quizzes found
Score Distribution
Percent of People with Each Score
Percentile by Number Answered
Your Score History
You have not taken this quiz since the last reset